[Event "Walsrode Chessemy op-A"]
[Site "Walsrode"]
[Date "2023.03.11"]
[Round "8"]
[White "Kuehn, Marvin"]
[Black "Brockmeyer, Tobias"]
[Result "1/2-1/2"]
[WhiteElo "1671"]
[BlackElo "1918"]
[PlyCount "104"]
[EventDate "2023.03.04"]
[EventType "swiss"]
[EventRounds "9"]
[EventCountry "GER"]
[SourceTitle "CBM 213 Extra"]
[Source "ChessBase"]
[SourceDate "2023.05.31"]
[SourceVersion "1"]
[SourceVersionDate "2023.05.31"]
[SourceQuality "1"]

1. d4 d5 2. c4 e6 3. Nf3 c6 4. cxd5 exd5 5. Nc3 Nf6 6. Bg5 Be7 7. e3 Nbd7 8. Bd3 Nf8 9. h3 Ne6 10. Bxf6 Bxf6 11. 0-0 0-0 12. Qc2 g6 13. b4 Qd6 14. Rab1 Bd7 15. b5 c5 16. dxc5 Qxc5 17. Ne2 Rac8 18. Qxc5 Rxc5 19. Rfd1 Rfc8 20. Kf1 Kg7 21. Ned4 Rc3 22. Ke2 Re8 23. Kd2 Nxd4 24. Nxd4 Bxd4 25. exd4 Ra3 26. Rdc1 Rxa2+ 27. Rc2 Rxc2+ 28. Kxc2 Kf6 29. Ra1 Ra8 30. Kc3 Ke6 31. Kb4 Kd6 32. h4 h6 33. g3 Be6 34. Ra2 Bg4 35. Ra1 Bh3 36. Ra2 Be6 37. Ra1 Bg4 38. Ra2 Bh3 39. Ra1 Bd7 40. Ra2 Bc8 41. Re2 a5+ 42. bxa6 bxa6 43. Ka5 Bd7 44. Rb2 Bb5 45. Bxb5 axb5+ 46. Kb6 Ra4 47. Rd2 Rb4 48. Ka5 Rb1 49. Rd3 b4 50. Ka4 Rb2 51. Rf3 f5 52. h5 gxh5 1/2-1/2

[Event "Walsrode Chessemy op-A"]
[Site "Walsrode"]
[Date "2023.03.09"]
[Round "6"]
[White "Kuehn, Marvin"]
[Black "Weyandt, Manfred"]
[Result "1-0"]
[WhiteElo "1671"]
[BlackElo "1887"]
[PlyCount "73"]
[EventDate "2023.03.04"]
[EventType "swiss"]
[EventRounds "9"]
[EventCountry "GER"]
[SourceTitle "CBM 213 Extra"]
[Source "ChessBase"]
[SourceDate "2023.05.31"]
[SourceVersion "1"]
[SourceVersionDate "2023.05.31"]
[SourceQuality "1"]

1. d4 g6 2. c4 Bg7 3. f3 d6 4. e4 Nc6 5. Be3 e5 6. d5 Nce7 7. Nc3 f5 8. Bd3 Nf6 9. Qd2 0-0 10. 0-0-0 a6 11. exf5 Bxf5 12. g4 Bxd3 13. Qxd3 b5 14. h4 bxc4 15. Qxc4 h5 16. Nh3 Qc8 17. Ng5 hxg4 18. Ne6 Nf5 19. Bg5 Rf7 20. fxg4 Nd4 21. Nxg7 Kxg7 22. Rxd4 exd4 23. Qxd4 Qe8 24. Bxf6+ Rxf6 25. g5 Qe5 26. gxf6+ Qxf6 27. Qxf6+ Kxf6 28. Rf1+ Ke5 29. Rf7 Rh8 30. Rxc7 Rxh4 31. Re7+ Kd4 32. Re6 g5 33. Rxd6 Kd3 34. Rxa6 Rh1+ 35. Nd1 Rh8 36. Rg6 Rc8+ 37. Nc3 1-0

[Event "Walsrode Chessemy op-A"]
[Site "Walsrode"]
[Date "2023.03.05"]
[Round "2"]
[White "Schirmer, Werner"]
[Black "Kuehn, Marvin"]
[Result "1-0"]
[WhiteElo "1912"]
[BlackElo "1671"]
[PlyCount "107"]
[EventDate "2023.03.04"]
[EventType "swiss"]
[EventRounds "9"]
[EventCountry "GER"]
[SourceTitle "CBM 213 Extra"]
[Source "ChessBase"]
[SourceDate "2023.05.31"]
[SourceVersion "1"]
[SourceVersionDate "2023.05.31"]
[SourceQuality "1"]

1. e4 c6 2. d4 d5 3. exd5 cxd5 4. Bd3 Nc6 5. c3 Nf6 6. Bf4 Bg4 7. Qb3 e5 8. dxe5 Nh5 9. Be3 Nxe5 10. Bb5+ Nc6 11. Nd2 Be6 12. Qd1 Nf6 13. Ngf3 Be7 14. 0-0 0-0 15. Bd3 Qc7 16. Nd4 Ng4 17. N2f3 Nxe3 18. fxe3 Bc5 19. Ng5 h6 20. Ngxe6 fxe6 21. Qg4 Ne5 22. Qxe6+ Kh8 23. Bc2 Rae8 24. Qh3 Qb6 25. Ba4 Nc6 26. Qd7 Rxf1+ 27. Rxf1 Rd8 28. Qg4 Bxd4 29. exd4 Qxb2 30. Rf7 Qc1+ 31. Bd1 Rg8 32. Qf3 Re8 33. Rf8+ Rxf8 34. Qxf8+ Kh7 35. Qf5+ Kg8 36. Qxd5+ Kh7 37. Qe4+ Kg8 38. Qd3 Qa1 39. Qc2 Na5 40. Kf2 Nc4 41. Be2 Nb2 42. Qb3+ Kf8 43. Qb4+ Kg8 44. Qb3+ Kf8 45. d5 Qc1 46. Qb4+ Kg8 47. Qd4 Qc2 48. d6 Qf5+ 49. Kg3 Qg5+ 50. Kh3 h5 51. Qe4 Na4 52. Qe8+ Kh7 53. Bd3+ g6 54. Qe7+ 1-0

[Event "Walsrode Chessemy op-A"]
[Site "Walsrode"]
[Date "2023.03.04"]
[Round "1"]
[White "Kuehn, Marvin"]
[Black "Kempe, Caius Emilian"]
[Result "0-1"]
[WhiteElo "1671"]
[BlackElo "2068"]
[PlyCount "54"]
[EventDate "2023.03.04"]
[EventType "swiss"]
[EventRounds "9"]
[EventCountry "GER"]
[SourceTitle "CBM 213 Extra"]
[Source "ChessBase"]
[SourceDate "2023.05.31"]
[SourceVersion "1"]
[SourceVersionDate "2023.05.31"]
[SourceQuality "1"]

1. e4 e6 2. d4 d5 3. Nd2 c5 4. Ngf3 cxd4 5. Nxd4 Nc6 6. Bb5 Bd7 7. c3 Nxd4 8. Bxd7+ Qxd7 9. cxd4 dxe4 10. Nxe4 Qd5 11. Qa4+ b5 12. Qc2 Bb4+ 13. Bd2 Bxd2+ 14. Nxd2 Qxg2 15. Ne4 Ne7 16. Ke2 Qg4+ 17. f3 Qg2+ 18. Nf2 Qg6 19. Qb3 0-0 20. Rhg1 Qh6 21. Rg4 Nf5 22. Rag1 Rfd8 23. Qd3 g6 24. Ne4 Nxd4+ 25. Kf2 Nf5 26. Nf6+ Kg7 27. Qc3 Qd2+ 0-1